00446nam a2200157 4500003000900000005001700009008004100026020002400067040001300091082002000104100001800124245006100142250001200203260003000215650004300245SEACOMEC20251008132335.0251008b |||||||| |||| 00| 0 eng d c250a978-9391505080 aSEACOMEC a621.31042bB611 aBimbhra, P.S.1 aGeneralized theory of electrical machinescP.S. Bimbhra a5th ed. aNew Delhi bKhannacc2010 a Electrical & Electronics Engineering